BECOMING THE BOSS NEW RULES FOR THE NEXT (Record no. 31534)
[ view plain ]
| 000 -LEADER | |
|---|---|
| fixed length control field | 00349nam a2200133Ia 4500 |
| 008 - FIXED-LENGTH DATA ELEMENTS--GENERAL INFORMATION | |
| fixed length control field | 240624s9999 xx 000 0 und d |
| 041 ## - LANGUAGE CODE | |
| Language code of text/sound track or separate title | eng |
| 082 ## - DEWEY DECIMAL CLASSIFICATION NUMBER | |
| Classification number | 658.4092 POL |
| 100 ## - MAIN ENTRY--PERSONAL NAME | |
| Personal name | POLLAK LINDSEY |
| 245 ## - TITLE STATEMENT | |
| Title | BECOMING THE BOSS NEW RULES FOR THE NEXT |
| 260 ## - PUBLICATION, DISTRIBUTION, ETC. | |
| Date of publication, distribution, etc. | 2014 |
| Place of publication, distribution, etc. | New York |
| Name of publisher, distributor, etc. | Harper Business |
| 300 ## - PHYSICAL DESCRIPTION | |
| Extent | x, 301 p.; 23 cm. |
| 365 ## - TRADE PRICE | |
| Currency code | |
| Price amount | 38 |
| Withdrawn status | Lost status | Damaged status | Not for loan | Home library | Current library | Shelving location | Date acquired | Full call number | Barcode | Date last seen | Copy number | Price effective from | Koha item type |
|---|---|---|---|---|---|---|---|---|---|---|---|---|---|
| IMTN | IMTN | Rack 29-B | 04/23/2019 | 658.4092 POL | 31534 | 06/24/2024 | 72 | 06/24/2024 | Books |